| 000 | 01808nam a2200445 i 4500 | ||
|---|---|---|---|
| 001 | 193124 | ||
| 003 | ES-MaREB | ||
| 005 | 20240708063027.0 | ||
| 007 | ta | ||
| 008 | 230822s2022 sp a | | 001 0|spa c | ||
| 017 | _aS 249-2022 | ||
| 020 | _a9788413116860 | ||
| 035 | _aES-VlRAB002076668 | ||
| 035 | _aES-MaREB01894226-2 | ||
| 040 |
_aRABEL _bspa _cES-MaACL _dES-MaACL |
||
| 080 | _a32 Unamuno, Miguel de | ||
| 245 | 1 | 0 |
_aUnamuno y la política : _bde la pluma a la palabra / _c[edición y coordinación, Marta García Gasco, Elena Vicente Mínguez]. |
| 250 | _a1ª ed. | ||
| 260 |
_a[Salamanca] : _bUniversidad de Salamanca, _c2022. |
||
| 300 |
_a508 p. : _bil. ; _c28 cm. |
||
| 336 |
_2rdacontent _aTexto |
||
| 337 |
_2rdamedia _asin mediación |
||
| 338 |
_2rdacarrier _avolumen |
||
| 490 | 1 |
_aColección VIII centenario ; _v30 |
|
| 500 | _aCatalogación provisional. Signatura: N 8614. Depósito J. | ||
| 502 | _aExposición celebrada en la Universidad de Salamanca, del 20 de octubre de 2021 al 6 de marzo de 2022. | ||
| 600 | 1 | 4 |
_aUnamuno, Miguel de, _d1864-1936- _xPensamiento político _vExposiciones _9111988 |
| 655 | 7 |
_aCatálogos de exposiciones _9193628 |
|
| 700 | 1 |
_aGarcía Gasco, Marta _9233995 |
|
| 700 | 1 |
_aVicente Mínguez, Elena _9233996 |
|
| 710 | 0 |
_aUniversidad de Salamanca _97275 |
|
| 830 |
_9226696 _aColección VIII centenario ; _v30 |
||
| 852 |
_aES-MaACL _9200439 _jN-8614 _cDEPOJ _hDonación: Editorial _zEn proceso |
||
| 852 |
_aES-MaACL _9200438 _jN-8615/Ej.1 _cDEPOJ _hDonación: Editorial _zEn proceso |
||
| 942 |
_n0 _cMONOGRAFIA |
||
| 999 |
_c193124 _d193124 |
||